Statistiques concernant Les pays contenant entre 10 % et 20 % de protestants

Cliquez ici pour prendre le quiz!

Statistiques générales

  • Ce quiz a été pris 4 fois
  • Le résultat moyen est 6 sur 14

Statistiques - réponses

Hint Answer % Correct
17,96 %Lettonie
100%
19,05 %Ukraine
75%
13,78 %Bolivie
50%
12,84 %Pérou
50%
10,04 %Slovaquie
50%
12,47 %Bénin
50%
13,93 %Argentine
50%
15,82 %Côte d'Ivoire
50%
16,85 %Togo
50%
17,25 %Mozambique
25%
10,04 %Indonésie
25%
10,48 %Singapour
25%
16,58 %Costa Rica
25%
10,29 %Cap-Vert
0%

Distribution des résultats

Percentile by Number Answered

% des personnes avec chaque résultat

Votre développement - résultats

Vous n’avez pas pris ce quiz